<?xml version="1.0" encoding="UTF-8"?>
<record
    xmlns:xsi="http://www.w3.org/2001/XMLSchema-instance"
    xsi:schemaLocation="http://www.loc.gov/MARC21/slim http://www.loc.gov/standards/marcxml/schema/MARC21slim.xsd"
    xmlns="http://www.loc.gov/MARC21/slim">

  <leader>00650nam a22001577a 4500</leader>
  <controlfield tag="003">OSt</controlfield>
  <controlfield tag="005">20150919170653.0</controlfield>
  <controlfield tag="008">150919b        xxu||||| |||| 00| 0 eng d</controlfield>
  <datafield tag="040" ind1=" " ind2=" ">
    <subfield code="c">RUA</subfield>
  </datafield>
  <datafield tag="082" ind1=" " ind2=" ">
    <subfield code="a">AGR HUN 2008 B036 Or.1</subfield>
  </datafield>
  <datafield tag="100" ind1=" " ind2=" ">
    <subfield code="9">893</subfield>
    <subfield code="a">HUN, BORIN.</subfield>
  </datafield>
  <datafield tag="245" ind1=" " ind2=" ">
    <subfield code="a">The effect of rice seedling age on grassy stunt disease in dry season in year 2008 &#x17A5;&#x1791;&#x17D2;&#x1792;&#x17B7;&#x1796;&#x179B;&#x1793;&#x17C3;&#x17A2;&#x17B6;&#x1799;&#x17BB;&#x1780;&#x17B6;&#x179B;&#x179F;&#x17C6;&#x178E;&#x17B6;&#x1794;&#x1791;&#x17C5;&#x179B;&#x17BE;&#x1787;&#x17C6;&#x1784;&#x17BA;&#x178F;&#x17BF;&#x179F;&#x17D2;&#x1798;&#x17C5;&#x1793;&#x17C3;&#x178A;&#x17B6;&#x17C6;&#x178E;&#x17B6;&#x17C6;&#x179F;&#x17D2;&#x179A;&#x17BC;&#x179C; &#x1793;&#x17B6;&#x179A;&#x178A;&#x17BC;&#x179C;&#x1794;&#x17D2;&#x179A;&#x17B6;&#x17C6;&#x1784;&#x1786;&#x17D2;&#x1793;&#x17B6;&#x17C6; &#x17E2;&#x17E0;&#x17E0;&#x17E8;</subfield>
  </datafield>
  <datafield tag="260" ind1=" " ind2=" ">
    <subfield code="a">Phnom Penh</subfield>
    <subfield code="b">RUA</subfield>
    <subfield code="c">2008</subfield>
  </datafield>
  <datafield tag="300" ind1=" " ind2=" ">
    <subfield code="a">x; 47p.</subfield>
    <subfield code="b">ill.</subfield>
    <subfield code="c">29cm.</subfield>
  </datafield>
  <datafield tag="942" ind1=" " ind2=" ">
    <subfield code="2">ddc</subfield>
    <subfield code="c">AGR</subfield>
  </datafield>
  <datafield tag="999" ind1=" " ind2=" ">
    <subfield code="c">861</subfield>
    <subfield code="d">861</subfield>
  </datafield>
  <datafield tag="952" ind1=" " ind2=" ">
    <subfield code="0">0</subfield>
    <subfield code="1">0</subfield>
    <subfield code="2">ddc</subfield>
    <subfield code="4">0</subfield>
    <subfield code="6">AGR_HUN_2008_000000000000000_B036_OR_1</subfield>
    <subfield code="7">0</subfield>
    <subfield code="9">3387</subfield>
    <subfield code="a">LBB</subfield>
    <subfield code="b">LBB</subfield>
    <subfield code="c">B036</subfield>
    <subfield code="d">2015-09-19</subfield>
    <subfield code="o">AGR HUN 2008 B036 Or.1</subfield>
    <subfield code="p">RUA002713</subfield>
    <subfield code="r">2015-09-19</subfield>
    <subfield code="w">2015-09-19</subfield>
    <subfield code="y">AGR</subfield>
  </datafield>
  <datafield tag="952" ind1=" " ind2=" ">
    <subfield code="0">0</subfield>
    <subfield code="1">0</subfield>
    <subfield code="2">ddc</subfield>
    <subfield code="4">0</subfield>
    <subfield code="6">AGR_HUN_2008_000000000000000_B036_OR_2</subfield>
    <subfield code="7">0</subfield>
    <subfield code="9">3388</subfield>
    <subfield code="a">LBB</subfield>
    <subfield code="b">LBB</subfield>
    <subfield code="c">B036</subfield>
    <subfield code="d">2015-09-19</subfield>
    <subfield code="o">AGR HUN 2008 B036 Or.2</subfield>
    <subfield code="p">RUA002574</subfield>
    <subfield code="r">2015-09-19</subfield>
    <subfield code="w">2015-09-19</subfield>
    <subfield code="y">AGR</subfield>
  </datafield>
  <datafield tag="952" ind1=" " ind2=" ">
    <subfield code="0">0</subfield>
    <subfield code="1">0</subfield>
    <subfield code="2">ddc</subfield>
    <subfield code="4">0</subfield>
    <subfield code="6">AGR_HUN_2008_000000000000000_B036_OR_3</subfield>
    <subfield code="7">0</subfield>
    <subfield code="9">3389</subfield>
    <subfield code="a">LBB</subfield>
    <subfield code="b">LBB</subfield>
    <subfield code="c">B036</subfield>
    <subfield code="d">2015-09-19</subfield>
    <subfield code="o">AGR HUN 2008 B036 Or.3</subfield>
    <subfield code="p">RUA002364</subfield>
    <subfield code="r">2015-09-19</subfield>
    <subfield code="w">2015-09-19</subfield>
    <subfield code="y">AGR</subfield>
  </datafield>
  <datafield tag="952" ind1=" " ind2=" ">
    <subfield code="0">0</subfield>
    <subfield code="1">0</subfield>
    <subfield code="2">ddc</subfield>
    <subfield code="4">0</subfield>
    <subfield code="6">AGR_HUN_2008_000000000000000_B036_OR_4</subfield>
    <subfield code="7">0</subfield>
    <subfield code="9">3390</subfield>
    <subfield code="a">LBB</subfield>
    <subfield code="b">LBB</subfield>
    <subfield code="c">B036</subfield>
    <subfield code="d">2015-09-19</subfield>
    <subfield code="o">AGR HUN 2008 B036 Or.4</subfield>
    <subfield code="p">RUA002088</subfield>
    <subfield code="r">2015-09-19</subfield>
    <subfield code="w">2015-09-19</subfield>
    <subfield code="y">AGR</subfield>
  </datafield>
  <datafield tag="952" ind1=" " ind2=" ">
    <subfield code="0">0</subfield>
    <subfield code="1">0</subfield>
    <subfield code="2">ddc</subfield>
    <subfield code="4">0</subfield>
    <subfield code="6">AGR_HUN_2008_000000000000000_B036_OR_5</subfield>
    <subfield code="7">0</subfield>
    <subfield code="9">3391</subfield>
    <subfield code="a">LBB</subfield>
    <subfield code="b">LBB</subfield>
    <subfield code="c">B036</subfield>
    <subfield code="d">2015-09-19</subfield>
    <subfield code="o">AGR HUN 2008 B036 Or.5</subfield>
    <subfield code="p">RUA002291</subfield>
    <subfield code="r">2015-09-19</subfield>
    <subfield code="w">2015-09-19</subfield>
    <subfield code="y">AGR</subfield>
  </datafield>
  <datafield tag="952" ind1=" " ind2=" ">
    <subfield code="0">0</subfield>
    <subfield code="1">0</subfield>
    <subfield code="2">ddc</subfield>
    <subfield code="4">0</subfield>
    <subfield code="6">AGR_HUN_2008_000000000000000_B036_OR_6</subfield>
    <subfield code="7">0</subfield>
    <subfield code="9">3392</subfield>
    <subfield code="a">LBB</subfield>
    <subfield code="b">LBB</subfield>
    <subfield code="c">B036</subfield>
    <subfield code="d">2015-09-19</subfield>
    <subfield code="l">1</subfield>
    <subfield code="o">AGR HUN 2008 B036 Or.6</subfield>
    <subfield code="p">RUA002856</subfield>
    <subfield code="r">2018-09-18</subfield>
    <subfield code="s">2018-09-07</subfield>
    <subfield code="w">2015-09-19</subfield>
    <subfield code="y">AGR</subfield>
  </datafield>
  <datafield tag="952" ind1=" " ind2=" ">
    <subfield code="0">0</subfield>
    <subfield code="1">0</subfield>
    <subfield code="2">ddc</subfield>
    <subfield code="4">0</subfield>
    <subfield code="6">AGR_HUN_2008_000000000000000_B036_OR_7</subfield>
    <subfield code="7">0</subfield>
    <subfield code="9">3393</subfield>
    <subfield code="a">LBB</subfield>
    <subfield code="b">LBB</subfield>
    <subfield code="c">B036</subfield>
    <subfield code="d">2015-09-19</subfield>
    <subfield code="o">AGR HUN 2008 B036 Or.7</subfield>
    <subfield code="p">RUA002784</subfield>
    <subfield code="r">2015-09-19</subfield>
    <subfield code="w">2015-09-19</subfield>
    <subfield code="y">AGR</subfield>
  </datafield>
  <datafield tag="952" ind1=" " ind2=" ">
    <subfield code="0">0</subfield>
    <subfield code="1">0</subfield>
    <subfield code="2">ddc</subfield>
    <subfield code="4">0</subfield>
    <subfield code="6">AGR_HUN_2008_000000000000000_B036_OR_8</subfield>
    <subfield code="7">0</subfield>
    <subfield code="9">3394</subfield>
    <subfield code="a">LBB</subfield>
    <subfield code="b">LBB</subfield>
    <subfield code="c">B036</subfield>
    <subfield code="d">2015-09-19</subfield>
    <subfield code="o">AGR HUN 2008 B036 Or.8</subfield>
    <subfield code="p">RUA002568</subfield>
    <subfield code="r">2015-09-19</subfield>
    <subfield code="w">2015-09-19</subfield>
    <subfield code="y">AGR</subfield>
  </datafield>
  <datafield tag="952" ind1=" " ind2=" ">
    <subfield code="0">0</subfield>
    <subfield code="1">0</subfield>
    <subfield code="2">ddc</subfield>
    <subfield code="4">0</subfield>
    <subfield code="6">AGR_HUN_2008_000000000000000_B036_OR_9</subfield>
    <subfield code="7">0</subfield>
    <subfield code="9">3395</subfield>
    <subfield code="a">LBB</subfield>
    <subfield code="b">LBB</subfield>
    <subfield code="c">B036</subfield>
    <subfield code="d">2015-09-19</subfield>
    <subfield code="o">AGR HUN 2008 B036 Or.9</subfield>
    <subfield code="p">RUA002221</subfield>
    <subfield code="r">2015-09-19</subfield>
    <subfield code="w">2015-09-19</subfield>
    <subfield code="y">AGR</subfield>
  </datafield>
  <datafield tag="952" ind1=" " ind2=" ">
    <subfield code="0">0</subfield>
    <subfield code="1">0</subfield>
    <subfield code="2">ddc</subfield>
    <subfield code="4">0</subfield>
    <subfield code="6">AGR_HUN_2008_000000000000000_B036_OR_10</subfield>
    <subfield code="7">0</subfield>
    <subfield code="9">3396</subfield>
    <subfield code="a">LBB</subfield>
    <subfield code="b">LBB</subfield>
    <subfield code="c">B036</subfield>
    <subfield code="d">2015-09-19</subfield>
    <subfield code="o">AGR HUN 2008 B036 Or.10</subfield>
    <subfield code="p">RUA002013</subfield>
    <subfield code="r">2015-09-19</subfield>
    <subfield code="w">2015-09-19</subfield>
    <subfield code="y">AGR</subfield>
  </datafield>
</record>
